BBC Gladiators 2024 - Statistics

General Stats
  • This quiz has been taken 421 times
  • The average score is 14 of 16
Answer Stats
Picture Answer % Correct
Giant
97%
Legend
93%
Viper
93%
Apollo
91%
Athena
91%
Fire
91%
Fury
91%
Nitro
90%
Diamond
89%
Sabre
89%
Electro
88%
Bionic
86%
Dynamite
86%
Comet
85%
Phantom
85%
Steel
84%
No matching quizzes found
Score Distribution
Percent of People with Each Score
Percentile by Number Answered
Your Score History
You have not taken this quiz